Analýza správania sa vybranej firmy na trhovej štruktúre oligopolu diplomová práca

Saved in:
Bibliographic Details
Main Author: Brázdil, Marián
Corporate Author: Fakulta podnikového manažmentu EU. Katedra podnikovohospodárska
Other Authors: Kintler, Jakub, 1979-
Format: Book
Language:Slovak
Published: Bratislava 2018
Tags: Add Tag
No Tags, Be the first to tag this record!

MARC

LEADER 00000nbm a2200000 4500
001 0244908
005 20181004110921.3
041 0 |a slo 
044 |a SK 
245 1 0 |a Analýza správania sa vybranej firmy na trhovej štruktúre oligopolu  |b diplomová práca  |c Marián Brázdil ; školiteľ: Jakub Kintler 
264 1 |a Bratislava  |c 2018 
300 |a 77 s. 
100 1 |a Brázdil, Marián 
700 1 |a Kintler, Jakub, 1979- 
710 2 |a Fakulta podnikového manažmentu EU. Katedra podnikovohospodárska